|
|
|
|
| LEADER |
00000naa2a2200000 4500 |
| 001 |
195919 |
| 005 |
20241211110603.0 |
| 035 |
|
|
|a (RuTPU)RU\TPU\book\213734
|
| 090 |
|
|
|a 195919
|
| 100 |
|
|
|a 20110517d2009 k y0rusy50 ca
|
| 101 |
0 |
|
|a rus
|
| 102 |
|
|
|a RU
|
| 200 |
1 |
|
|a Теория решения изобретательских задач как технологии творчества
|f Н. М. Панькова
|
| 320 |
|
|
|a Библиогр.: 3 назв.
|
| 463 |
|
0 |
|0 (RuTPU)RU\TPU\book\205117
|t Актуальные проблемы гуманитарных наук
|o труды VIII Международной научно-практической конференции студентов, аспирантов и молодых ученых, г. Томск, 16-17 апреля 2009 г.
|f Томский политехнический университет (ТПУ)
|v С. 347-348
|d 2009
|p 466 с.
|
| 610 |
1 |
|
|a изобретательство
|
| 610 |
1 |
|
|a творчество
|
| 610 |
1 |
|
|a принятие решений
|
| 610 |
1 |
|
|a кризисы
|
| 610 |
1 |
|
|a труды учёных ТПУ
|
| 700 |
|
1 |
|a Панькова
|b Н. М.
|g Наталья Михайловна
|f 1975-
|c философ
|c доцент Томского политехнического университета, кандидат философских наук
|y Томск
|3 (RuTPU)RU\TPU\pers\25434
|9 11376
|
| 801 |
|
1 |
|a RU
|b 63413507
|c 20110517
|
| 801 |
|
2 |
|a RU
|b 63413507
|c 20130618
|g RCR
|
| 942 |
|
|
|c BK
|